01193 a2200229 4500003000500000005001700005010001600022020002800038040000900066082001900075100002200094245005500116260004100171300005900212440003100271505049200302650001600794650001800810650002100828650002500849856008900874Nust20220802112814.0 a 99019953 a0849378397 (alk. paper) cNust00a620.001171,GRA1 aGrady, Jeffrey O.10aSystem Engineering Deployment /cJeffrey O. Grady. aBoca Raton, Fla :bCRC Press,c1999. a456 p. :bill. ;c24 cm.+e1 computer disk (3 1/2 in.) 0aSystems engineering series aIntroduction (Page-1), The Human Foundation for System Engineering (Page-17), Enterprise Knowledge Requirements and the Functional Organization (Page-31), Enterprise generic Definition and Functional Allocation (Page-43), Functional Organization Charter and Relations (Page-67), Generic Practices Documentation (Page-79), Organizational Structure for Work (Page-87), Program Communications (Page-97), Product System Definition (Page-113), Interface Development in a new World (Page-147). 0aManagement. 0aOrganization. 0aSystem analysis. 0aSystems engineering.423Publisher descriptionuhttp://www.loc.gov/catdir/enhancements/fy0646/99019953-d.html